Statistics for Animals By Picture - Letter B

Click here to take the quiz!

General Stats

  • This quiz has been taken 370 times
  • The average score is 11 of 15

Answer Stats

Answer% Correct
Bat
98%
Bald Eagle
95%
Beaver
84%
Buffalo
83%
Badger
81%
Black Widow Spider
81%
Barn Owl
77%
Beluga Whale
76%
Bobcat
76%
Bullfrog
71%
Barnacle
62%
Blue Footed Booby
60%
Bottle Nosed Dolphin
60%
Budgie
38%
Bighorn Sheep
36%

Score Distribution

Percentile by Number Answered

Percent of People with Each Score

Your Score History

You have not taken this quiz